MDQL
is popping MORE tags! Check the
thread
!
Quizzes
Events
Quiz Creation
Community
Videos
Private Events
Remove Ads
Sign In
Join for FREE
Feedback
Dark Mode
Quiz Categories
Sports
Geography
Music
Movies
Television
Just For Fun
Miscellaneous
History
Literature
Language
Science
Gaming
Entertainment
Religion
Holiday
For Kids
Quiz Lab
Recent
Popular Today
Quiz Kudos Today
Editor Picks
Curator Picks
Quizzes by...
Day
Popularity
Type
Ratings
Length
Year
Community
Subscriptions
Recent Discussions
Orange Saloon
Badges
Playlists
Quests
Create
Leaderboards
Showdown
Live 5
Trivia Bingo
Activity
Puzzle Library
Sporcle Events
Private Events
Virtual Trivia
Globe League
Become a Host
Pub Owners
SporcleCon
Opinionation
Our Games
Videos
Blog
Mobile Apps
Partnerships
Remove Ads and Go Orange
Feedback
Sports
Athletes
MLB
NBA
NHL
NFL
Soccer
Sports Teams
WWE
NCAA
Football
Premier League
Basketball
Baseball
Hockey
Golf
Tennis
Cricket
Rugby
Auto Racing
Olympics
World Cup
Sports
Athletes
MLB
NBA
NHL
NFL
Soccer
Sports Teams
WWE
NCAA
Football
Premier League
Basketball
Baseball
Hockey
Golf
Tennis
Cricket
Rugby
Auto Racing
Olympics
World Cup
Random Quiz
Search Sporcle
×
Quiz Lab
Quiz Lab
Sports
Tennis
Type in answers that appear in a list
Type in answers that appear in a list
Classic
Best Score? Go Orange.
Aussie Open Women 4th Round 2000s Stats
Can you name the Aussie Open Women 4th Round 2000s?
By
stulaw78
14m
288 Questions
1,422 Plays
1,422 Plays
1,422 Plays
Comments
Comments
Give Quiz Kudos
Give Quiz Kudos
-
- Ratings
hide this ad
More Info
Replay
Link that replays current quiz
Next Quiz
Link to next quiz in quiz playlist
You Got
0%
They Got
Avg Score
75%
Avg Friend Score
Upgrade to see
Score Distribution
Jump to the score distribution portion of the page
Score
0/288
Timer
14:00
0
Plays Today
Year
Name
% Correct
2005
Serena Williams
99.6%
2005
Venus Williams
99.6%
2007
Serena Williams
99.6%
2008
Serena Williams
99.6%
2008
Venus Williams
99.6%
2009
Serena Williams
99.6%
2010
Serena Williams
99.6%
2010
Venus Williams
99.6%
2012
Serena Williams
99.6%
2013
Serena Williams
99.6%
2014
Serena Williams
99.6%
2015
Serena Williams
99.5%
2015
Venus Williams
99.5%
2016
Serena Williams
99.5%
2017
Serena Williams
99.5%
2017
Venus Williams
99.5%
2019
Serena Williams
99.4%
2021
Serena Williams
99.4%
2006
Justine Henin
98.4%
2008
Justine Henin
98.4%
2010
Justine Henin
98.4%
2005
Maria Sharapova
98.2%
2006
Maria Sharapova
98.2%
2007
Maria Sharapova
98.2%
2008
Maria Sharapova
98.2%
2011
Maria Sharapova
98.2%
2006
Kim Clijsters
98.1%
2007
Kim Clijsters
98.1%
2011
Kim Clijsters
98.1%
2012
Maria Sharapova
98%
2012
Kim Clijsters
98%
2013
Maria Sharapova
97.8%
2014
Maria Sharapova
97.8%
2015
Maria Sharapova
97.5%
2016
Maria Sharapova
97.5%
2005
Lindsay Davenport
97.3%
2006
Lindsay Davenport
97.3%
2013
Na Li
97.3%
2007
Na Li
97.3%
2010
Na Li
97.3%
2011
Na Li
97.3%
2014
Na Li
97.3%
2012
Na Li
97.1%
2016
Angelique Kerber
97%
2017
Angelique Kerber
96.9%
2005
Amelie Mauresmo
96.9%
2006
Amelie Mauresmo
96.9%
2007
Amelie Mauresmo
96.9%
2013
Victoria Azarenka
96.8%
2012
Victoria Azarenka
96.7%
2014
Victoria Azarenka
96.7%
2018
Angelique Kerber
96.6%
2015
Victoria Azarenka
96.4%
2016
Victoria Azarenka
96.4%
2019
Maria Sharapova
96.2%
2018
Simona Halep
96.1%
2006
Martina Hingis
96.1%
2007
Martina Hingis
96.1%
2018
Caroline Wozniacki
96%
2013
Caroline Wozniacki
96%
2014
Angelique Kerber
95.9%
2009
Victoria Azarenka
95.9%
2010
Victoria Azarenka
95.9%
2011
Victoria Azarenka
95.9%
2008
Caroline Wozniacki
95.8%
2010
Caroline Wozniacki
95.8%
2011
Caroline Wozniacki
95.8%
2012
Caroline Wozniacki
95.8%
2008
Ana Ivanovic
95.5%
2013
Angelique Kerber
95.5%
2014
Ana Ivanovic
95.3%
2013
Ana Ivanovic
95.3%
2012
Ana Ivanovic
95.1%
2019
Ashleigh Barty
95%
2020
Ashleigh Barty
95%
2021
Ashleigh Barty
95%
2022
Ashleigh Barty
95%
2015
Simona Halep
94.6%
2014
Jelena Jankovic
94.4%
2007
Jelena Jankovic
94.3%
2008
Jelena Jankovic
94.3%
2009
Jelena Jankovic
94.3%
2012
Jelena Jankovic
94.2%
2019
Angelique Kerber
94%
2020
Angelique Kerber
94%
2009
Dinara Safina
93.9%
2010
Dinara Safina
93.9%
2014
Sloane Stephens
93.8%
2013
Sloane Stephens
93.7%
2014
Simona Halep
93.7%
2019
Naomi Osaka
93.7%
2021
Naomi Osaka
93.7%
2022
Victoria Azarenka
93.7%
2012
Petra Kvitova
93.5%
2015
Madison Keys
93.5%
2016
Madison Keys
93.5%
Year
Name
% Correct
2019
Simona Halep
93.4%
2020
Simona Halep
93.4%
2021
Simona Halep
93.4%
2022
Simona Halep
93.4%
2013
Svetlana Kuznetsova
93%
2005
Svetlana Kuznetsova
92.8%
2006
Svetlana Kuznetsova
92.8%
2007
Svetlana Kuznetsova
92.8%
2009
Svetlana Kuznetsova
92.8%
2010
Svetlana Kuznetsova
92.8%
2011
Svetlana Kuznetsova
92.8%
2017
Svetlana Kuznetsova
92.8%
2018
Madison Keys
92.8%
2019
Petra Kvitova
92.8%
2020
Petra Kvitova
92.8%
2013
Agnieszka Radwanska
92.5%
2014
Agnieszka Radwanska
92.5%
2019
Garbine Muguruza
92.5%
2020
Garbine Muguruza
92.5%
2021
Garbine Muguruza
92.5%
2011
Petra Kvitova
92.3%
2012
Agniezska Radwanska
92.3%
2014
Dominika Cibulkova
92.3%
2006
Francesca Schiavone
92.1%
2010
Francesca Schiavone
92.1%
2011
Francesca Schiavone
92.1%
2015
Agnieszka Radwanska
91.9%
2016
Agnieszka Radwanska
91.9%
2015
Garbine Muguruza
91.8%
2017
Garbine Muguruza
91.8%
2008
Agnieszka Radwanska
91.7%
2011
Agnieszka Radwanska
91.7%
2015
Dominika Cibulkova
91.5%
2016
Johanna Konta
91.4%
2017
Johanna Konta
91.3%
2014
Flavia Pennetta
91.3%
2012
Sara Errani
91.3%
2019
Karolina Pliskova
91.2%
2020
Sofia Kenin
91.2%
2005
Elena Dementieva
90.5%
2007
Elena Dementieva
90.5%
2008
Elena Dementieva
90.5%
2009
Elena Dementieva
90.5%
2018
Karolina Pliskova
90.4%
2019
Sloane Stephens
90.3%
2007
Vera Zvonareva
89.9%
2009
Vera Zvonareva
89.9%
2010
Vera Zvonareva
89.9%
2011
Vera Zvonareva
89.9%
2011
Flavia Pennetta
89.9%
2017
Karolina Pliskova
89.9%
2009
Dominika Cibulkova
89.3%
2019
Danielle Collins
88.7%
2019
Madison Keys
88.7%
2021
Aryna Sabalenka
88.7%
2022
Danielle Collins
88.7%
2022
Madison Keys
88.7%
2022
Aryna Sabalenka
88.7%
2009
Marion Bartoli
88.1%
2005
Nadia Petrova
87.9%
2006
Nadia Petrova
87.9%
2008
Nadia Petrova
87.9%
2009
Nadia Petrova
87.9%
2010
Nadia Petrova
87.9%
2006
Sam Stosur
87.5%
2010
Sam Stosur
87.5%
2014
Garbine Muguruza
87.3%
2018
Naomi Osaka
86.8%
2018
Elise Mertens
86.4%
2017
Coco Vandeweghe
85.9%
2020
Iga Swiatek
85.5%
2021
Iga Swiatek
85.5%
2022
Iga Swiatek
85.5%
2006
Daniela Hantuchova
85.5%
2007
Daniela Hantuchova
85.5%
2008
Daniela Hantuchova
85.5%
2005
Anastasia Myskina
84.9%
2006
Anastasia Myskina
84.9%
2021
Jennifer Brady
84.9%
2015
Ekaterina Makarova
84.1%
2016
Ekaterina Makarova
84.1%
2017
Ekaterina Makarova
83.9%
2016
Carla Suarez Navarro
83.8%
2011
Andrea Petkovic
83.6%
2014
Ekaterina Makarova
83.5%
2013
Ekaterina Makarova
83.3%
2018
Elina Svitolina
82.8%
2018
Carla Suarez Navarro
82.7%
2020
Elise Mertens
82.1%
2021
Elise Mertens
82.1%
2022
Elise Mertens
82.1%
2012
Ekaterina Makarova
81.7%
2014
Eugenie Bouchard
81.3%
2009
Jie Zheng
81.3%
2010
Jie Zheng
81.3%
2007
Lucie Safarova
81.1%
Year
Name
% Correct
2005
Patty Schnyder
80.9%
2006
Patty Schnyder
80.9%
2007
Patty Schnyder
80.9%
2018
Caroline Garcia
80.8%
2012
Jie Zheng
80.1%
2017
Anastasia Pavlyuchenkova
79.7%
2012
Sabine Lisicki
79.5%
2019
Anastasia Pavlyuchenkova
79.2%
2020
Anastasia Pavlyuchenkova
79.2%
2015
Julia Gorges
79%
2015
Eugenie Bouchard
78.8%
2006
Nicole Vaidisova
78.7%
2007
Nicole Vaidisova
78.7%
2008
Nicole Vaidisova
78.7%
2009
Carla Suarez Navarro
78.6%
2009
Jelena Dokic
78.5%
2011
Ekaterina Makarova
78.5%
2019
Elina Svitolina
78.3%
2021
Elina Svitolina
78.3%
2016
Belinda Bencic
78.1%
2013
Julia Gorges
77.7%
2011
Peng Shuai
77.1%
2020
Anett Kontaveit
77%
2020
Kiki Bertens
77%
2015
Peng Shuai
77%
2012
Julia Gorges
76.9%
2007
Anna Chakvetadze
76.1%
2015
Yanina Wickmayer
75.9%
2010
Yanina Wickmayer
75.8%
2022
Barbora Krejcikova
75.8%
2013
Maria Kirilenko
75.7%
2008
Maria Kirilenko
75.3%
2010
Maria Kirilenko
75.3%
2016
Zhang Shuai
74.2%
2018
Anett Kontaveit
73.6%
2022
Paula Badosa
73.3%
2022
Kaia Kanepi
73%
2005
Natalie Dechy
72.1%
2009
Alize Cornet
70.9%
2020
Maria Sakkari
70.8%
2022
Alize Cornet
70.8%
2022
Maria Sakkari
70.8%
2013
Kirsten Flipkens
70.1%
2007
Shahar Peer
69.5%
2016
Barbora Strycova
68.8%
2017
Barbora Strycova
68.7%
2020
Ons Jabeur
68.6%
2020
Coco Gauff
67%
2005
Alicia Molik
66.7%
2018
Barbora Strycova
66.5%
2021
Marketa Vondrousova
65.4%
2010
Alona Bondarenko
65.1%
2013
Elena Vesnina
64.8%
2017
Mirjana Lucic-Baroni
64.6%
2006
Elena Vesnina
64.3%
2017
Jennifer Brady
63.6%
2021
Jessica Pegula
62.9%
2022
Jessica Pegula
62.9%
2017
Sorana Cirstea
60.1%
2005
Sylvia Farina Elia
60%
2019
Anastasija Sevastova
59.4%
2022
Sorana Cirstea
59.4%
2019
Amanda Anisimova
59.1%
2022
Amanda Anisimova
59.1%
2021
Karolina Muchova
57.5%
2011
Anastasija Sevastova
57.1%
2018
Petra Martic
57%
2018
Magdalena Rybarikova
56.8%
2009
Anabel Medina Garrigues
55.3%
2020
Qiang Wang
54.7%
2017
Daria Gavrilova
54.2%
2016
Daria Gavrilova
54%
2014
Casey Dellacqua
52.6%
2021
Shelby Rogers
52.5%
2015
Irina-Camelia Begu
51.1%
2008
Casey Dellacqua
49.4%
2009
Alisa Kleybanova
48.4%
2016
Annika Beck
44.8%
2011
Iveta Benesova
44.5%
2017
Mona Barthel
44.5%
2005
Karolina Sprem
44.4%
2018
Su-wei Hsieh
43.6%
2008
Hsieh Su-wei
42.9%
2021
Donna Vekic
42.1%
2012
Iveta Benesova
41.7%
2006
Virginia Ruano Pascual
41.1%
2015
Madison Brengle
41.1%
2013
Bojana Jovanovski
40.6%
2016
Margarita Gasparyan
40.4%
2016
Anna-Lena Friedsam
38.9%
2021
Hsieh Su-wei
38.7%
2020
Alison Riske
38.1%
2005
Vera Dushevina
36.1%
2018
Denisa Allertova
34.2%
2008
Marta Domachowska
33.3%
2005
Evgenia Linetskaya
29.5%
Quiz Playlist
Details
Report
Send in Message
Add To Playlist
More Info:
4th Round since 2005
Classic:
Type in answers that appear in a list
Last Updated: Feb 24, 2022
Quiz Scoreboard
CHALLENGE
Sign Up to Join the Scoreboard
Show All
Scores
Hide
Comments
May contain spoilers
Recently Published
Colored Red Africa Blitz
by spor1
Geography
30s
Find the 'City' Movie
by crazypaving
Movies
60s
5x2 Blitz: Bands
by SL_Kpop136
Music
30s
More to Explore
Quiz From the Vault
Featured Blog Post
14 Easter Pick-up Lines to Find Eggs With
hide this ad
You Might Also Like...
Tags
Tennis Quiz
4th
aussie
Australian Open
open
round
Wimbledon
WTA
WTA Event
WTA Players
WTA Tour
Today's Top Quizzes in Sports
Browse Sports
hide this ad
Today's Top Quizzes in Tennis
Browse Tennis
Top Contributed Quizzes in Sports
1
Les entraîneurs de l'OM et du PSG au 21e siècle
2
Les meilleurs buteurs des matchs entre le PSG et l’OM
3
Players with Multiple 50 Home Run Seasons
4
2022 World Cup Stars
5
Les joueurs passés par le PSG et l'OM
6
NBA Logic Puzzle 2.0
7
Criteria MLB: Left Handed Sluggers
8
MLB Players with Two .350 Batting Average Seasons
9
Top 10 NHL Goal Scorers of All Time
10
Who Hit More Homers?
Explore More
Trending Topics
Disney
Harry Potter
Anime
Kpop
Crossword
Marvel
NBA
Soccer
NFL
Country
Puzzle
Pokémon
Song
The Office
WWE
hide this ad
More By:
stulaw78
Quiz
Plays
Rating
Category
Featured
Created
Mens 4th Round Wimbledon 2003-2021
12,294
4.57
Sports
May 23, 2010
England Test Cricketers 80's
7,493
4.82
Sports
Feb 24, 2010
ATP Tennis End of Year top 10 Rankings
7,290
5.00
Sports
Jan 6, 2011
England Test Cricketers 2000s
7,212
4.75
Sports
Feb 24, 2010
England Test Cricketers 1990's
6,771
5.00
Sports
Feb 24, 2010
Go to Creator's Profile
Score Distribution
Quiz Creator Spotlight
stulaw78
Follow
Send a Message
Quizzes Created
-
Created Quiz Play Count
-
More By This Creator
Popular Quizzes Today
1
Colored Red Africa Blitz
2
Find the 'City' Movie
3
5x2 Blitz: Bands
4
Find the US States - No Outlines Minefield
5
The Countries of the World
6
Find the US States
7
US States
8
Find the Countries of Europe - No Outlines Minefield
More Sports Quizzes
NBA 50 Greatest Players - First Names
Published
Trending Quizzes
Colored Red Europe Blitz I
Colored Red Europe Blitz II
Colored Red Africa Blitz II
Colored Red Europe Blitz III
Colored Red Africa Blitz III
Recently Updated
How Do You Spell That?
pecheneg
Godzilla Movies
pecheneg
Grab Bag: 4-10 Letters
pecheneg
2024 March Madness Bracket
pecheneg
Famous TV Couples
Peacemaker
Champions League XIs: Real Madrid
pecheneg
Largest US Cities 1790-2010
pecheneg
Rides in Walt Disney World
pecheneg
Most Oscar Losses (Acting)
pecheneg
Beyoncé Albums
pecheneg
Trending Topics
NBA
Anime
Disney
Crossword
Marvel
Kpop
Harry Potter
The Office
WWE
Pokémon
Country
NFL
Song
Puzzle
Soccer
Your Account Isn't Verified!
In order to create a playlist on Sporcle, you need to verify the email address you used during registration. Go to your
Sporcle Settings
to finish the process.
Report this User
Report this user for behavior that violates our
Community Guidelines
.
Details:
Send Report
Go to the Sporcle.com Mobile Site →
Comments